Tamiḷnāṭṭu nāṭōṭik kataikaḷ. (Record no. 73257)

MARC details
000 -LEADER
fixed length control field 00703cam a22002411 4500
001 - CONTROL NUMBER
control field sa 67002415
003 - CONTROL NUMBER IDENTIFIER
control field DLC
005 - DATE AND TIME OF LATEST TRANSACTION
control field 20260227112331.0
008 - FIXED-LENGTH DATA ELEMENTS--GENERAL INFORMATION
fixed length control field 840628s1966 ii 000 0 tamo
010 ## - LIBRARY OF CONGRESS CONTROL NUMBER
LC control number sa 67002415
025 ## - OVERSEAS ACQUISITION NUMBER
Overseas acquisition number PL480:I-T-1351
035 ## - SYSTEM CONTROL NUMBER
System control number (OCoLC)21727490
040 ## - CATALOGING SOURCE
Original cataloging agency DLC
Transcribing agency CU
Modifying agency DLC
050 00 - LIBRARY OF CONGRESS CALL NUMBER
Classification number GR305
Item number .R35
100 1# - MAIN ENTRY--PERSONAL NAME
Personal name Rājanārāyaṇan̲, Ki.
245 10 - TITLE STATEMENT
Title Tamiḷnāṭṭu nāṭōṭik kataikaḷ.
Statement of responsibility, etc. Tokuppāciriyar Ki. Rājanārāyaṇan̲.
250 ## - EDITION STATEMENT
Edition statement [1. patippu]
260 ## - PUBLICATION, DISTRIBUTION, ETC.
Place of publication, distribution, etc. Cen̲n̲ai,
Name of publisher, distributor, etc. Niyū Ceñcuri Puk Havus
Date of publication, distribution, etc. [1966]
300 ## - PHYSICAL DESCRIPTION
Extent xvi, 152 p.
Dimensions 18 cm.
500 ## - GENERAL NOTE
General note In Tamil.
650 #0 - SUBJECT ADDED ENTRY--TOPICAL TERM
Topical term or geographic name entry element Tamil (Indic people)
General subdivision Folklore.
650 #0 - SUBJECT ADDED ENTRY--TOPICAL TERM
Topical term or geographic name entry element Tales
Geographic subdivision India.

No items available.

Powered by Koha